000 00384nam a2200145Ia 4500
008 220217s9999||||xx |||||||||||||| ||und||
020 _a0-07-460474-0
082 _a410 RAO
100 _aRao, Narayana, S
_95479
245 0 _aCounselling and guidance
250 _a2nd
260 _aTata mcgraw hill company Ltd
_bNew Delhi
_c2007
300 _b250
650 _aGENERAL BOOKS
999 _c176465
_d176465